Equatoria : (Record no. 13309)

MARC details
000 -LEADER
fixed length control field 00545nam a22001932 4500
001 - CONTROL NUMBER
control field 0000009848
005 - DATE AND TIME OF LATEST TRANSACTION
control field 20151217155844.0
008 - FIXED-LENGTH DATA ELEMENTS--GENERAL INFORMATION
fixed length control field 081204s xx 000 0 eng d
040 ## - CATALOGING SOURCE
Original cataloging agency KABU
Transcribing agency KABU
100 1# - MAIN ENTRY--PERSONAL NAME
Personal name Stigand, C. H.
-- 0000155611
245 10 - TITLE STATEMENT
Title Equatoria :
Remainder of title the Lado enclave /
Statement of responsibility, etc. C. H. Stigand.
250 ## - EDITION STATEMENT
Edition statement 1st ed.
260 ## - PUBLICATION, DISTRIBUTION, ETC. (IMPRINT)
Place of publication, distribution, etc. London :
Name of publisher, distributor, etc. Constable,
Date of publication, distribution, etc. 1923.
300 ## - PHYSICAL DESCRIPTION
Extent lv, 253 p.
651 #0 - SUBJECT ADDED ENTRY--GEOGRAPHIC NAME
Geographic name Lado Enclave.
-- 0000161624
852 1# - LOCATION
-- p500 KES
908 ## - PUT COMMAND PARAMETER (RLIN)
Put command parameter 081204
950 ## - LOCAL HOLDINGS (RLIN)
-- 1
Holdings
Withdrawn status Lost status Source of classification or shelving scheme Not for loan Home library Current library Date acquired Total Checkouts Full call number Barcode Date last seen Price effective from Koha item type
    Library of Congress Classification   Kabarak, Main Campus Kabarak, Main Campus 17/12/2015   DT135 .L3S75 c. 1 15706 17/12/2015 17/12/2015 Africana Collection
Designed with assistance from East African Informatics Ltd